Statistiken für Länder, die Schweiz am Nächsten Liegen - Eine Minute Sprint

Klicken Sie hier um das Quiz zu spielen!

Allgemein

  • Dieses Quiz wurde 340 mal gespielt
  • Das Durchschnittsergebnis liegt bei 16 aus 20

Antwortstatistiken

KmLand% Korrekt
0Deutschland
99%
0Frankreich
99%
0Italien
99%
0Österreich
99%
0Liechtenstein
97%
468Spanien
88%
254Belgien
86%
227Luxemburg
83%
370Niederlande
82%
316Tschechien
81%
310San Marino
79%
224Slowenien
78%
236Monaco
75%
515Vatikanstadt
72%
539Polen
69%
261Kroatien
67%
428Ungarn
67%
515Andorra
62%
504Slowakei
61%
439Bosnien und
Herzegowina
43%

Verteilung der Resultate

Perzentil nach korrekt beantworteten Fragen

Anzahl Personen mit jedem Resultat

Ihre Resultats-Entwicklung

Sie haben dieses Quiz noch nicht gespielt